|
|
|
|
| LEADER |
00000ny a22000003n 4500 |
| 005 |
20110614141139.0 |
| 008 |
090525s2009 sp r 000 0 spa d |
| 017 |
|
|
|a B-50029-2008
|
| 020 |
|
|
|a 9788476988336
|
| 035 |
|
|
|a 3352
|
| 040 |
|
|
|a NoBUC-SpMaBN
|c SpMaBN
|d vLex
|
| 080 |
|
|
|a 347.91/.95(460)
|
| 080 |
|
|
|a 347.952(460)
|
| 090 |
|
|
|c 676
|d 676
|
| 100 |
1 |
|
|a Cerrato Guri, Elisabet
|
| 245 |
1 |
3 |
|a La ejecucin̤ civil privada
|h [Recurso electrn̤ico]
|b realizacin̤ por persona o entidad especializada : estudio del artc̕ulo 641 LEC /
|c Elisabet Cerrato Guri ; prl̤ogo de Joan Pic ̤i Junoy
|
| 256 |
|
|
|a Servicio en ln̕ea
|
| 260 |
|
|
|a Barcelona :
|b Bosch,
|c 2008
|
| 504 |
|
|
|a Bibliogr.
|
| 506 |
1 |
|
|a Contenido solo disponible en los productos indicados
|d vLex Global
|d vLex Global (Academic Edition, excluding Law Schools)
|d vLex Global (U.S. Academic Edition, Law Schools)
|d vLex Global (U.S. Academic Edition, excluding Law Schools)
|d vLex Global (Academic Edition, Law Schools)
|
| 650 |
0 |
7 |
|a Subasta
|2 Tesauro vLex
|
| 700 |
1 |
|
|a Pic ̤i Junoy, Joan,
|e pr.
|
| 740 |
0 |
|
|a vLex Libros (Servicios en ln̕ea)
|
| 856 |
4 |
0 |
|u http://vlex.com/source/3352
|z Acceso restringido
|
| 942 |
|
|
|c BOOK
|
| 999 |
0 |
|
|a Auctions
|b Barcelona
|